000 00622cam a22002171 4500
001 ne 67000332
003 DLC
005 20260227111829.0
008 811023s1966 ua a b 000 0 egyr
010 _ane 67000332
025 _aPL480:UAR-8041
035 _a(OCoLC)7870849
040 _aDLC
_cMnM
_dDLC
050 0 0 _aN7381
_b.B3
100 1 _aBāshā, Ḥasan.
245 1 0 _aFann al-taṣwīr fī Miṣr al-Islāmīyah.
_cḤasan al-Bāshā.
260 _a[Cairo]
_bDār al-Nahḍah al-ʻArabīyah,
_c1966.
300 _a159 p.
_billus.
_c20 cm.
504 _aBibliography: p. [141]-[147]
650 0 _aArt, Egyptian.
999 _c49394
_d49394